Macroeconomics For Development : Prognosis And Prospects (Record no. 43462)

MARC details
000 -LEADER
fixed length control field 01363cam a2200433 i 4500
001 - CONTROL NUMBER
control field 22837036
005 - DATE AND TIME OF LATEST TRANSACTION
control field 20250328122648.0
008 - FIXED-LENGTH DATA ELEMENTS--GENERAL INFORMATION
fixed length control field 221021s2023 enk b 001 0 eng d
010 ## - LIBRARY OF CONGRESS CONTROL NUMBER
LC control number 2022948509
016 7# - NATIONAL BIBLIOGRAPHIC AGENCY CONTROL NUMBER
Record control number 020802010
Source Uk
020 ## - INTERNATIONAL STANDARD BOOK NUMBER
International Standard Book Number 1788977858
020 ## - INTERNATIONAL STANDARD BOOK NUMBER
International Standard Book Number 9781788977852
020 ## - INTERNATIONAL STANDARD BOOK NUMBER
International Standard Book Number 9781788977876
020 ## - INTERNATIONAL STANDARD BOOK NUMBER
International Standard Book Number 1788977874
035 ## - SYSTEM CONTROL NUMBER
System control number (OCoLC)on1328126882
041 ## - LANGUAGE CODE
Language code of text/sound track or separate title eng
042 ## - AUTHENTICATION CODE
Authentication code lccopycat
043 ## - GEOGRAPHIC AREA CODE
Geographic area code d------
082 04 - DEWEY DECIMAL CLASSIFICATION NUMBER
Classification number 339.0917 JHA
100 1# - MAIN ENTRY--PERSONAL NAME
Author Jha, Raghbendra,
245 10 - TITLE STATEMENT
Title Macroeconomics For Development : Prognosis And Prospects
260 ## - PUBLICATION, DISTRIBUTION, ETC.
Place UK
Publisher Edward Elgar Publishing Limited
Publication Year 2023
300 ## - PHYSICAL DESCRIPTION
Extent 161 pages ;
Dimensions 25 cm
504 ## - BIBLIOGRAPHY, ETC. NOTE
Bibliography, etc. note Includes bibliographical references and index.
650 #0 - SUBJECT ADDED ENTRY--TOPICAL TERM
Subject Macroeconomics.
650 #0 - SUBJECT ADDED ENTRY--TOPICAL TERM
Subject COVID-19 Pandemic, 2020-2023
650 #7 - SUBJECT ADDED ENTRY--TOPICAL TERM
Subject Economic policy.
650 #7 - SUBJECT ADDED ENTRY--TOPICAL TERM
Subject Economics.
650 #7 - SUBJECT ADDED ENTRY--TOPICAL TERM
Subject Macroeconomics.
942 ## - ADDED ENTRY ELEMENTS (KOHA)
Koha item type Books
264 #1 - PRODUCTION, PUBLICATION, DISTRIBUTION, MANUFACTURE, AND COPYRIGHT NOTICE
Place of production, publication, distribution, manufacture Cheltenham, UK ;
-- Northampton, MA, USA :
Name of producer, publisher, distributor, manufacturer Edward Elgar Publishing,
Date of production, publication, distribution, manufacture, or copyright notice [2023]
336 ## - CONTENT TYPE
Content type term text
Content type code txt
Source rdacontent
337 ## - MEDIA TYPE
Media type term unmediated
Media type code n
Source rdamedia
338 ## - CARRIER TYPE
Carrier type term volume
Carrier type code nc
Source rdacarrier
647 #7 - SUBJECT ADDED ENTRY--NAMED EVENT
Source of heading or term fast
Authority record control number or standard number (OCoLC)fst02024716
906 ## - LOCAL DATA ELEMENT F, LDF (RLIN)
a 7
b cbc
c copycat
d 2
e epcn
f 20
g y-gencatlg
Holdings
Withdrawn status Lost status Source of classification or shelving scheme Damaged status Not for loan Home library Current library Shelving location Accession Date Vendor Price Bill number Total Checkouts Full call number Barcode No Date last seen Date last checked out Discount Bill Date Koha item type Suggested By
    Dewey Decimal Classification     IMTN IMTN Rack 19-A 03/24/2025 Raghav Books Private Limited 2220.44 2374 1 339.0917 JHA 33752 07/24/2025 07/15/2025 33 02/14/2025 Books Dr. Veena Pailwar
Designed & Maintained by: LRC IMT Nagpur Contact: lrc@imtnag.ac.in© 2024. All Rights Reserved.